Quizzes
Events
Quiz Creation
Community
Videos
Private Events
Remove Ads
Sign In
Join for FREE
Feedback
Dark Mode
Quiz Categories
Sports
Geography
Music
Movies
Television
Just For Fun
Miscellaneous
History
Literature
Language
Science
Gaming
Entertainment
Religion
Holiday
For Kids
Quiz Lab
Recent
Popular Today
Quiz Kudos Today
Editor Picks
Curator Picks
Quizzes by...
Day
Popularity
Type
Ratings
Length
Year
Community
Subscriptions
Recent Discussions
Orange Saloon
Badges
Playlists
Quests
Create
Leaderboards
Showdown
Live 5
Trivia Bingo
Activity
Puzzle Library
Sporcle Events
Private Events
Virtual Trivia
Globe League
Become a Host
Pub Owners
SporcleCon
Opinionation
Our Games
Videos
Blog
Mobile Apps
Partnerships
Remove Ads and Go Orange
Feedback
Sports
Athletes
MLB
NBA
NHL
NFL
Soccer
Sports Teams
WWE
NCAA
Football
Premier League
Basketball
Baseball
Hockey
Golf
Tennis
Cricket
Rugby
Auto Racing
Olympics
World Cup
Sports
Athletes
MLB
NBA
NHL
NFL
Soccer
Sports Teams
WWE
NCAA
Football
Premier League
Basketball
Baseball
Hockey
Golf
Tennis
Cricket
Rugby
Auto Racing
Olympics
World Cup
Random Quiz
Search Sporcle
×
Quiz Lab
Quiz Lab
Sports
Baseball
Type in answers that appear in a list
Type in answers that appear in a list
Classic
Best Score? Go Orange.
Highest Paid MLB Players by Team- 2009 Stats
Can you name the Highest Paid MLB Players by Team- 2009?
By
JDS
8m
30 Questions
388 Plays
388 Plays
388 Plays
Comments
Comments
Give Quiz Kudos
Give Quiz Kudos
-
- Ratings
hide this ad
Replay
Link that replays current quiz
Next Quiz
Link to next quiz in quiz playlist
You Got
0%
They Got
Avg Score
59%
Avg Friend Score
Upgrade to see
Score Distribution
Jump to the score distribution portion of the page
Score
0/30
Timer
08:00
0
Plays Today
Team
Player
% Correct
New York Yankees
Alex Rodriguez
98.2%
Florida Marlins
Hanley Ramirez
91.2%
Los Angeles Dodgers
Manny Ramirez
91.2%
St. Louis Cardinals
Albert Pujols
84.8%
Philadelphia Phillies
Ryan Howard
84.5%
Houston Astros
Carlos Lee
80.4%
Toronto Blue Jays
Roy Halladay
75.8%
Minnesota Twins
Justin Morneau
75.5%
New York Mets
Carlos Beltran
74%
Tampa Bay Rays
Carl Crawford
72.7%
Colorado Rockies
Todd Helton
67.5%
Chicago Cubs
Carlos Zambrano
65.7%
Seattle Mariners
Ichiro
62.1%
Detroit Tigers
Magglio Ordonez
60.8%
Texas Rangers
Michael Young
59.5%
Team
Player
% Correct
Los Angeles Angels
Tori Hunter
59.3%
Washington Nationals
Adam Dunn
59%
San Diego Padres
Jake Peavy
59%
Boston Red Sox
J.D. Drew
55.9%
Cleveland Indians
Travis Hafner
52.8%
Chicago White Sox
Mark Buehrle
50.8%
San Francisco Giants
Barry Zito
50.8%
Baltimore Orioles
Brian Roberts
47.4%
Cincinnati Reds
Aaron Harang
39.2%
Atlanta Braves
Tim Hudson
36.9%
Oakland Athletics
Matt Holliday
34.8%
Kansas City Royals
Jose Guillen
31.4%
Pittsburgh Pirates
Freddy Sanchez
27.8%
Milwaukee Brewers
Jeff Suppan
22.2%
Arizona Diamondbacks
Eric Byrnes
18%
Quiz Playlist
Details
Report
Send in Message
Add To Playlist
Classic:
Type in answers that appear in a list
Quiz Source
Last Updated: Feb 16, 2017
Quiz Scoreboard
CHALLENGE
Sign Up to Join the Scoreboard
Show All
Scores
Hide
Comments
May contain spoilers
Recently Published
Billboard Blitz: Fleetwood Mac
by CooCooCachoo
Music
15s
Presidents Visiting Landmarks
by Hejman
History
7m
An Introduction to Baseball
by treessimontrees
Sports
5m
More to Explore
Quiz From the Vault
Featured Blog Post
Where Did the Easter Bunny Come From?
hide this ad
You Might Also Like...
Tags
Baseball Quiz
MLB Quiz
2009
amount
highest
Highest Paid
paid
Player
team
Today's Top Quizzes in Sports
Browse Sports
hide this ad
Today's Top Quizzes in Baseball
Browse Baseball
Top Contributed Quizzes in Sports
1
Les meilleurs buteurs des matchs entre le PSG et l’OM
2
2022 World Cup Stars
3
FIFA Club World Cup Champions
4
Les entraîneurs de l'OM et du PSG au 21e siècle
5
Criteria MLB: Left Handed Sluggers
6
Name the Premier League winners with different clubs
7
5-to-1: UK Sports Teams
8
AFC Teams Reveal (Wrong Answers Minefield)
9
Players with Multiple 50 Home Run Seasons
10
5-to-1: FBS Animal Nicknames
Explore More
Trending Topics
Anime
Kpop
Harry Potter
NBA
Marvel
Crossword
Disney
Pokémon
The Office
Country
Puzzle
Soccer
WWE
Song
NFL
hide this ad
More By:
JDS
Quiz
Plays
Rating
Category
Featured
Created
Highest Paid NBA Players By Team-2009
2,303
3.87
Sports
Nov 4, 2009
Highest Paid MLB Players by Team- 2009
388
2.00
Sports
Nov 4, 2009
Big 4 Championship Runners-Up 1990-2011
97
3.00
Sports
Jun 6, 2012
Go to Creator's Profile
Score Distribution
Quiz Creator Spotlight
JDS
Follow
Send a Message
Quizzes Created
-
Created Quiz Play Count
-
More By This Creator
Popular Quizzes Today
1
Find the US States - No Outlines Minefield
2
Find the Countries of Europe - No Outlines Minefield
3
The Countries of the World
4
Find the US States
5
US States
6
Risky Map Clicking: Biggest States A-Z
7
Popular People in 1961
8
Movies - When Are They Set?
More Sports Quizzes
First XI: Emery - PSG
Quiz Lab
Trending Quizzes
Risky Map Clicking: Least Populous States A-Z
1-10 Letter G Words
1-10 Letter F Words
Risky Map Clicking: Next State Alphabetically
Risky Map Clicking: Biggest States A-Z
Recently Updated
Leaping Animals
pecheneg
Reality TV Shows (A-Z)
bhenderson79
Rickey Henderson's Hall of Fame Teammates
pecheneg
Champions League XIs: Arsenal
pecheneg
Quick Pick: Celebrities in WWE's Hall of Fame
aduchscher
A-Z Keypad Blitz II
pecheneg
Multiple Oscar Actors
pecheneg
Mystery Phrase Blitz: Oscar 'Best Actors'
pecheneg
F. Scott Fitzgerald Novels
LTH
Pick 3 Villains
ddd62291
Trending Topics
Crossword
Anime
Disney
Kpop
NBA
Marvel
Harry Potter
Pokémon
The Office
Soccer
Country
WWE
Song
NFL
Puzzle
Your Account Isn't Verified!
In order to create a playlist on Sporcle, you need to verify the email address you used during registration. Go to your
Sporcle Settings
to finish the process.
Report this User
Report this user for behavior that violates our
Community Guidelines
.
Details:
Send Report
Go to the Sporcle.com Mobile Site →
Comments